header

Intermediate algebra / (Record no. 255763)

MARC details
000 -LEADER
fixed length control field 01236cam a2200325 a 4500
001 - CONTROL NUMBER
control field 15068677
003 - CONTROL NUMBER IDENTIFIER
control field OSt
005 - DATE AND TIME OF LATEST TRANSACTION
control field 20170227110518.0
008 - FIXED-LENGTH DATA ELEMENTS--GENERAL INFORMATION
fixed length control field 071102s2009 caua 001 0 eng
010 ## - LIBRARY OF CONGRESS CONTROL NUMBER
LC control number 2007940739
020 ## - INTERNATIONAL STANDARD BOOK NUMBER
International Standard Book Number 9780495389736
International Standard Book Number 0495389730
040 ## - CATALOGING SOURCE
Original cataloging agency DLC
Transcribing agency DLC
Modifying agency DLC
050 00 - LIBRARY OF CONGRESS CALL NUMBER
Classification number QA154.3
Item number .T88 2009
100 1# - MAIN ENTRY--PERSONAL NAME
Personal name Tussy, Alan S.,
Dates associated with a name 1951-
245 10 - TITLE STATEMENT
Title Intermediate algebra /
Statement of responsibility, etc Alan S. Tussy, R. David Gustafson.
250 ## - EDITION STATEMENT
Edition statement 4th ed.
260 ## - PUBLICATION, DISTRIBUTION, ETC. (IMPRINT)
Place of publication, distribution, etc Belmont, CA :
Name of publisher, distributor, etc Brooks/Cole, Cengage Learning,
Date of publication, distribution, etc c2009.
300 ## - PHYSICAL DESCRIPTION
Extent xxiv, 1033, 49, 6 p. :
Other physical details ill. (some col.) ;
Dimensions 27 cm.
500 ## - GENERAL NOTE
General note Includes indexes.
650 #0 - SUBJECT ADDED ENTRY--TOPICAL TERM
Topical term or geographic name as entry element Algebra
Form subdivision Textbooks.
700 1# - ADDED ENTRY--PERSONAL NAME
Personal name Gustafson, R. David
Fuller form of name (Roy David),
Dates associated with a name 1936-
856 42 - ELECTRONIC LOCATION AND ACCESS
Materials specified Publisher description
Uniform Resource Identifier <a href="http://www.loc.gov/catdir/enhancements/fy1212/2007940739-d.html">http://www.loc.gov/catdir/enhancements/fy1212/2007940739-d.html</a>
Materials specified Table of contents only
Uniform Resource Identifier <a href="http://www.loc.gov/catdir/enhancements/fy1212/2007940739-t.html">http://www.loc.gov/catdir/enhancements/fy1212/2007940739-t.html</a>
Materials specified Contributor biographical information
Uniform Resource Identifier <a href="http://www.loc.gov/catdir/enhancements/fy1302/2007940739-b.html">http://www.loc.gov/catdir/enhancements/fy1302/2007940739-b.html</a>
906 ## - LOCAL DATA ELEMENT F, LDF (RLIN)
a 7
b cbc
c origcop
d 3
e epcn
f 20
g y-gencatlg
942 ## - ADDED ENTRY ELEMENTS (KOHA)
Source of classification or shelving scheme Library of Congress Classification
Koha item type Long Loan Books
Holdings
Withdrawn status Lost status Source of classification or shelving scheme Damaged status Not for loan Collection code Home library Current library Shelving location Date acquired Total Checkouts Full call number Barcode Date last seen Price effective from Koha item type Source of acquisition
    Library of Congress Classification     Non-fiction Rongo University Library Rongo University Library General Stacks 27/02/2017   QA154.3 .T88 2009 20157820 27/02/2017 27/02/2017 Long Loan Books  
    Library of Congress Classification     Non-fiction Rongo University Library Rongo University Library General Stacks 20/02/2026   QA154.3 .T88 2009 20261493 20/02/2026 20/02/2026 Long Loan Books Books for Africa, Donation

© 2026 Rongo University
Contact us: librarian | system librarian | Rongo university